| 000 | 00000nam##2200000za#4500 |
| 001 | 9.613925 |
| 003 | CaOODSP |
| 005 | 20200327132142 |
| 007 | ta |
| 008 | 150406|1997||||xxc||||| f|0| 0 eng|d |
| 022 | |a0706-6473 |
| 040 | |aCaOODSP|beng |
| 043 | |an-cn--- |
| 086 | 1 |aFs97-4/2413E |
| 110 | 1 |aCanada. |bDepartment of Fisheries and Oceans. |
| 245 | 10|aEvaluation of habitat improvement and restoration initiatives for salmonids in Newfoundland, Canada / |cby D. A. Scruton et al. |
| 260 | |aSt. John's - Newfoundland and Labrador : |bFisheries and Oceans Canada |c1997. |
| 300 | |av, 35p. : |bfigs., graphs, maps, references, tables ; |c28 cm. |
| 490 | 1 |aCanadian manuscript report of fisheries and aquatic sciences|x0706-6473|v2413 |
| 500 | |a"This report provides a overview of these evaluations, as selected case studies including projects involving restoration of habitat degraded historic forest harvesting (Joe Farrell's Brook and Pamehac Brook), removal of a natural migration barrier (Dead Wolf Brook), and the addition of spawning gravel to increase juvenile salmonid production (Northeast Placentia River)."--Abstract. |
| 520 | 3 |aThis report provides a overview of these evaluations, as selected case studies including projects involving restoration of habitat degraded historic forest harvesting (Joe Farrell's Brook and Pamehac Brook), removal of a natural migration barrier (Dead Wolf Brook), and the addition of spawning gravel to increase juvenile salmonid production (Northeast Placentia River).--Abstract |
| 546 | |aRésumés en français |
| 563 | |aSoftcover |
| 590 | |a97-27|b1997-07-04 |
| 720 | 1 |aScruton, D. A. |
| 776 | 0#|tEvaluation of habitat improvement and restoration initiatives for salmonids in Newfoundland, Canada / |w(CaOODSP)9.579636 |
| 830 | #0|aCanadian manuscript report of fisheries and aquatic sciences,|x0706-6473|v2413|w(CaOODSP)9.514688 |